50 most common French verbs - Statistics

General Stats
  • This quiz has been taken 108 times
  • The average score is 37 of 50
Answer Stats
English Français % Correct
To go Aller
98%
To be Être
98%
To have Avoir
95%
To make/To do Faire
93%
To like/To love Aimer
90%
To arrive Arriver
86%
To eat Manger
86%
To Say/ To Tell Dire
84%
To speak Parler
83%
To take Prendre
83%
To work Travailler
83%
To want Vouloir
83%
To pass Passer
81%
To think Penser
81%
To see Voir
81%
To play Jouer
79%
To know Savoir
79%
To help Aider
78%
To finish Finir
78%
Can/ To be able to Pouvoir
78%
To find Trouver
78%
To come Venir
78%
To sleep Dormir
76%
To watch/To look Regarder
76%
To understand Comprendre
74%
To give Donner
74%
To live Vivre
74%
To stop Arrêter
72%
To wait/ To expect Attendre
72%
To forget Oublier
72%
To leave/To go Partir
72%
To believe Croire
69%
Must/ Tohave to Devoir
69%
To enter Entrer
69%
To go out/ To exit Sortir
69%
To ask Demander
67%
To call Appeler
66%
To change Changer
66%
To open Ouvrir
66%
To pay Payer
64%
To stay Rester
64%
To lose Perdre
62%
To look for/To seek Chercher
60%
To start Commencer
60%
To become Devenir
59%
To put/To wear Mettre
57%
To know/ To experience Connaître
55%
To hear/ To listen Entendre
53%
To smell/To sniff Sentir
45%
To test Essayer
21%
No matching quizzes found
Score Distribution
Percent of People with Each Score
Percentile by Number Answered
Your Score History
You have not taken this quiz